चटकदार राजस्थानी पदार्थ / (Record no. 70846)

MARC details
000 -LEADER
fixed length control field 01011nam a22002297a 4500
005 - DATE AND TIME OF LATEST TRANSACTION
control field 20121010141910.0
008 - FIXED-LENGTH DATA ELEMENTS--GENERAL INFORMATION
fixed length control field 121010t xxu||||| |||| 00| 0 mar d
010 ## - LCCN (DPL NO)
LC control number MAR-22664
020 ## - INTERNATIONAL STANDARD BOOK NUMBER
Terms of availability 30.00
035 ## - SYSTEM CONTROL NUMBER
System control number MR-15322
037 ## - SOURCE OF ACQUISITION
Source of stock number/acquisition DBAD/PUB
040 ## - CATALOGING SOURCE
Original cataloging agency DPL
Language of cataloging MR
082 ## - DEWEY DECIMAL CLASSIFICATION NUMBER
Classification number 641.5
100 ## - MAIN ENTRY--PERSONAL NAME
9 (RLIN) 53016
Personal name वेलणकर, वंदना
245 ## - TITLE STATEMENT
Title चटकदार राजस्थानी पदार्थ /
Statement of responsibility, etc वंदना वेलणकर
246 ## - VARYING FORM OF TITLE
Title proper/short title Chatakdar Rajashtani Padartha
Remainder of title by Vandana Velankar
260 ## - PUBLICATION, DISTRIBUTION, ETC. (IMPRINT)
Place of publication, distribution, etc पुणे
Name of publisher, distributor, etc दिलीपराज प्रकाशन
Date of publication, distribution, etc 2012
270 ## - ADDRESS
Address 251 क, शनिवार पेठ
City पुणे
Postal code 411030
300 ## - PHYSICAL DESCRIPTION
Extent दहा,40पृ.
Dimensions 21सेमी(अजिल्द)
Other physical details सचित्र
942 ## - ADDED ENTRY ELEMENTS (KOHA)
Source of classification or shelving scheme Dewey Decimal Classification
Item type Marathi Books
Call number suffix वेलण
Classification part 641.5
Holdings
Withdrawn status Lost status Source of classification or shelving scheme Damaged status Not for loan Collection code Home library Current library Date acquired Source of acquisition Cost, normal purchase price Total Checkouts Full call number Barcode Date last seen Copy number Cost, replacement price Koha item type
    Dewey Decimal Classification   Not For Loan Non-fiction D.B.Act.Division D.B.Act.Division 11/10/2012 DBAD / PUB 30.00   641.5 वेलण MR-15322 11/10/2012 1 30.00 Marathi Books

© Delhi Public Library
Hit Counter
free hit counter